Emergentné objekty – Ekologické, generované nábytkové objekty
Gespeichert in:
| 1. Verfasser: | |
|---|---|
| Weitere Verfasser: | |
| Format: | Manuskript Buch |
| Sprache: | Slowakisch |
| Veröffentlicht: |
2024
|
| Schlagworte: | |
| Online-Zugang: | http://is.stuba.sk/zp/portal_zp.pl?podrobnosti=162191 |
| Tags: |
Keine Tags, Fügen Sie das erste Tag hinzu!
|
MARC
| LEADER | 00000ntm a22000003a 4500 | ||
|---|---|---|---|
| 001 | stuzp99972 | ||
| 003 | SK-STU | ||
| 005 | 20240615211719.2 | ||
| 007 | ta | ||
| 008 | 150427s2015----xo-----f-mn---000-0-slo-d | ||
| 040 | |a STU |b slo | ||
| 041 | 0 | |a slo | |
| 100 | 1 | |a Šimurková, Stella |u 052120 |4 aut |U FAD Fakulta architektúry a dizajnu |T FAD Ústav ekologickej a experimentálnej architektúry |X 110424 |U A2120 |Y 393 |7 110424 | |
| 242 | 0 | 1 | |a Emergent objects – Ecological, generated furniture objects |y eng |
| 245 | 1 | 0 | |a Emergentné objekty – Ekologické, generované nábytkové objekty |
| 260 | |c 2024 | ||
| 650 | 4 | |a multistimulácia |2 slo | |
| 650 | 4 | |a experimentálny dizajn |2 slo | |
| 650 | 4 | |a svietidlo |2 slo | |
| 650 | 4 | |a experimental design |2 eng | |
| 650 | 4 | |a light |2 eng | |
| 650 | 4 | |a multisensory stimulation |2 eng | |
| 700 | 1 | |a Uhrík, Martin |u 052120 |k Z1 |4 ths |U FAD Fakulta architektúry a dizajnu |T FAD Ústav ekologickej a experimentálnej architektúry |X 3746 |U A2120 |Y 393 |7 A000003746 | |
| 856 | 4 | |u http://is.stuba.sk/zp/portal_zp.pl?podrobnosti=162191 | |